pokemon type eau 1 à 7 G - Statistiques

Statistiques générales
  • Ce quiz a été pris 67 fois
  • Le résultat moyen est 109 sur 131
Statistiques - réponses
Hint Réponse % Correct
8 eau carabaffe
97%
7 eau carapuce
97%
60 eau ptitard
97%
9 eau tortank
97%
160 eau aligatueur
94%
139 eau/roche amonistar
94%
138 eau/roche amonita
94%
134 eau aquali
94%
503 eau clamiral
94%
117 eau hypocean
94%
158 eau kaiminus
94%
260 eau/sol laggron
94%
171 eau/electrik lanturn
94%
130 eau/vol leviator
94%
170 eau/electrik loupio
94%
129 eau magicarpe
94%
502 eau mateloutre
94%
501 eau moustillon
94%
395 eau/acier pingoleon
94%
394 eau prinplouf
94%
120 eau stari
94%
121 eau/psy staross
94%
62 eau/combat tartard
94%
61 eau tetarte
94%
393 eau tiplouf
94%
222 eau/roche corayon
92%
159 eau crocrodil
92%
259 eau/sol flobio
92%
258 eau gobou
92%
116 eau hypotrempe
92%
365 eau/glace kaimorse
92%
87 eau/glace lamantine
92%
131 eau/glace lokhlass
92%
363 eau/glace obalie
92%
86 eau otaria
92%
364 eau/glace phogleur
92%
55 eau akwakwak
89%
184 eau/fee azumarill
89%
340 eau/sol barbicha
89%
80 eau/psy flagadoss
89%
230 eau/dragon hyporoi
89%
140 eau/roche kabuto
89%
141 eau/roche kabutops
89%
90 eau kokiyas
89%
183 eau/fee marill
89%
224 eau octillery
89%
118 eau poissirene
89%
119 eau poissoroy
89%
54 eau psykokwak
89%
211 eau/poison qwilfish
89%
79 eau/psy ramoloss
89%
199 eau/psy roigada
89%
72 eau/poison tentacool
89%
73 eau/poison tentacruel
89%
658 eau/ténèbre amphinobi
86%
283 eau/insecte arakdo
86%
194 eau/sol axoloto
86%
339 eau/sol barloche
86%
536 eau/sol batracne
86%
318 eau/ténèbre carvanha
86%
91 eau/glace crustabri
86%
271 eau/plante lombre
86%
370 eau lovdisc
86%
272 eau/plante ludicolo
86%
490 eau manaphy
86%
195 eau/sol maraiste
86%
418 eau mustebouee
86%
270 eau/plante nenupiot
86%
730 eau/fee oratoria
86%
728 eau otaquin
86%
489 eau phione
86%
369 eau/roche relicanth
86%
223 eau remoraid
86%
319 eau/ténèbre sharpedo
86%
245 eau suicune
86%
535 eau tritonde
86%
592 eau/spectre viskuse
86%
458 eau/vol babimanta
83%
349 eau barpau
83%
279 eau/vol bekipan
83%
564 eau/roche carapagos
83%
400 eau/normal castorno
83%
366 eau coquiperl
83%
537 eau/sol crapustule
83%
226 eau/vol demanta
83%
278 eau/vol goelise
83%
382 eau kyogre
83%
565 eau/roche megapagos
83%
350 eau milobellus
83%
593 eau/spectre moyade
83%
419 eau musteflott
83%
186 eau tarpaud
83%
580 eau/vol couaneton
81%
657 eau croaporal
81%
99 eau krabboss
81%
98 eau krabby
81%
729 eau otarlette
81%
484 eau/dragon palkia
81%
368 eau rosabyss
81%
367 eau serpang
81%
456 eau ecayon
78%
515 eau flotajou
78%
516 eau flotoutan
78%
656 eau grenousse
78%
647 eau/combat keldeo
78%
581 eau/vol lakmecygne
78%
341 eau ecrapince
75%
422 eau sancoki
75%
423 eau/sol tritosor
75%
721 eau/feu volcanion
75%
320 eau wailmer
75%
321 eau wailord
75%
550 eau bargantua
72%
342 eau/ténèbre colhomard
72%
457 eau lumineon
72%
594 eau mamanbo
69%
752 eau/insecte tarenbulle
69%
690 eau/poison venalgue
69%
751 eau/insecte araqua
67%
688 eau/roche opermine
67%
779 eau/psy denticrisse
64%
689 eau/roche golgopathe
64%
788 eau/fee tokopisco
61%
693 eau gamblast
58%
748 eau/poison prédasterie
58%
692 eau flingouste
56%
747 eau/poison vorasterie
56%
768 eau/insecte sarmurai
53%
767 eau/insecte sovkipou
53%
746 eau froussardine
47%
771 eau concombaffe
39%
Aucun quiz correspondant
Distribution des résultats
% des personnes avec chaque résultat
Percentile par nombre de réponses
Votre historique - résultats
Vous n’avez pas pris ce quiz